000 00312 a2200109 4500
001 ART_11292
005 20260410161856.0
008 260409a
245 1 0 _aHacia una programación monetaria
100 1 _aLuna, Manuel
773 0 _tRevista de Economía
_g- Nº 28 (ene./dic. 1980)
_wREV11077
999 _c25435
_d25435